Wszystkie BMW seria 2 - Statystyki

Ogólne statystyki
  • Ten quiz został rozwiązany 25 razy
  • Średni wynik to 3 z 8
Statystyki odpowiedzi
Obrazkowy Hint Odpowiedź % Poprawnych
2015-2021 f87 (M2)
90%
2013-2021 f22
45%
2014-2021 f23
45%
2019- f44
35%
2014-2021 f45
35%
2015-2021 f46
35%
2022- g42
35%
2021- u06
20%
Nie znaleziono quizów pasujących do podanych kryteriów
Rozkład punktacji
Procent ludzi z każdym wynikiem
Percentyl według liczby udzielonych odpowiedzi
Twoja historia wyników
Nie rozwiązałeś tego quizu